000 00589nam a2200181Ia 4500
003 GCL
008 140319s9999 xx 000 0 ara d
040 _aGCL /
_cGCL
082 0 4 _a250
_bا لا
100 1 _aابى ذر القلمونى
245 1 0 _aلاملجا من الله الا اليه ففروا الى الله /
_cابى ذر القلمونى
260 _a[S.N] :
_bالمكتبة القيمة للطباعة والنشر والتوزيع
300 _a200 ص
490 _a
650 0 4 _aالعقائد
650 0 4 _aالشريعة الاسلامية
942 _2ddc
_cBK
999 _c53120
_d53120